|
|
|
|
| LEADER |
01134nam a2200277 a 4500 |
| 001 |
1630846 |
| 008 |
100201s1994 bg a b 000 0 eng d |
| 010 |
|
|
|a 95901274
|
| 040 |
|
|
|a DLC
|c DLC
|d BD-DhAAL
|
| 082 |
0 |
0 |
|a 333.91
|2 20
|
| 100 |
1 |
|
|a Shamim, Ishrat.
|
| 245 |
1 |
0 |
|a Energy and water crisis in rural households :
|b linkages with women's work and time /
|c Ishrat Shamim, Khaleda Salahuddin.
|
| 250 |
|
|
|a 1st ed.
|
| 260 |
|
|
|a Dhaka :
|b Women for Women,
|c 1994.
|
| 300 |
|
|
|a v, 181 p. :
|b ill. ;
|c 22 cm.
|
| 504 |
|
|
|a Includes bibliographical references (p. 165-171).
|
| 541 |
1 |
|
|e 00006074
|
| 650 |
|
0 |
|a Energy consumption
|z Bangladesh.
|
| 650 |
|
0 |
|a Water-supply
|x Social aspects
|z Bangladesh.
|
| 650 |
|
0 |
|a Rural women
|z Bangladesh
|x Social conditions.
|
| 650 |
|
0 |
|a Women in rural development
|z Bangladesh.
|
| 700 |
1 |
|
|a Sālāhauddina, Khāledā.
|
| 710 |
2 |
|
|a Women for Women (Organization : Bangladesh)
|
| 852 |
4 |
|
|a Ayesha Abed Library
|j General shelf
|
| 999 |
|
|
|c 7289
|d 7289
|
| 952 |
|
|
|0 0
|1 0
|2 ddc
|4 0
|6 333_910000000000000_SHA_1994
|7 0
|9 7690
|a BRACUL
|b BRACUL
|c GEN
|d 2010-02-01
|l 0
|o 333.91 SHA
|p 3010006074
|r 2010-02-01
|t 1
|w 2010-02-01
|y BK
|